Movies Quiz

Random Movies or Disney Quiz
Score 0/25 Timer 05:00
1 Play Today
Question Answer Wrong Answers
Some people are worth melting for. Olaf
91%
Eric
0.8%
Beast
0.7%
Ichabod Crane
0.7%
Look, Simba. Everything the light touches is our kingdom. Mufasa
90.9%
Chief Powhatan
0.5%
King Hubert
0.8%
Fa Zhou
1%
I live for furs. I worship furs! Cruella De Vil
88%
Madam Mim
2.1%
Bellwether
1.4%
Madam Medusa
1.3%
There is no way I'm kissing a frog and eating a bug on the same day. Tiana
87.2%
Laverne
1.5%
Wendy Darling
1.4%
Moana
2.9%
I warn you, child... if I lose my temper, you lose your head! Queen of Hearts
85.4%
Jafar
3.3%
Lady Tremaine
2%
Mother Gothel
2.3%
You don't meet a girl like that every dynasty. The Emperor of China
82.7%
Shere Khan
4.4%
Mr. Snoops
1.7%
Taran
3.9%
Look around you. This is where the path of hatred has brought us. Pocahontas
81.7%
Ariel
2.5%
Aurora
4%
Rapunzel
4.2%
That's right! But you'll have your man. Life's full of tough choices, isn't it? Ursula
80.5%
Mother Gothel
6.6%
Claude Frollo
3%
The Horned King
2.4%
Magic Mirror, on the wall, who is the fairest one of all? Evil Queen
79%
Maleficent
12.2%
Mother Gothel
1%
Madam Medusa
0.8%
What?! A llama? He's supposed to be DEAD! Yzma
75.1%
Kronk
9.7%
Hades
5%
Evil Queen
3%
This is my family. I found it, all on my own. Is little, and broken, but still good. Stitch
74.3%
Tarzan
9.8%
Ariel
2.2%
Tramp
6.6%
Tell her the TRUTH!!!! Genie
69.7%
Mushu
11.1%
Gaston
9.4%
Baloo
2.5%
You idiot! That wasn't kindness, it was cunning! She's a gypsy! Gypsies are not capable of real love! Think boy! Think of your mother! Claude Frollo
69.5%
Stromboli
10.1%
Mother Gothel
7.6%
Mr Clayton
5.2%
But I wanted it blue. Merryweather
67.8%
Elsa
8.3%
Fairy Godmother
14.2%
Mowgli
2.4%
Now here's your part of the deal, cuz. Lay the secret on me of Man's Red Fire. King Louie
65.7%
Baloo
9.5%
Shere Khan
11.3%
Bagheera
5.5%
I just listened for the sound of complete and utter betrayal and followed that. Mother Gothel
64.4%
Lady Tremaine
13.6%
Lady
4.6%
Miss Bianca
9.4%
If you can't say something nice, don't say nothin' at all. Thumper
64.1%
Mama Odie
15.6%
Doc
6.9%
Cinderella
6%
Come into the light. Belle
63.8%
Esmeralda
23.1%
Michael Darling
4.4%
Dopey
1.5%
I'm not a glitch, Taffyta. I've just got pixlexia, okay? Vanellope von Schweetz
63.2%
Wreck-It Ralph
23.1%
Sgt. Calhoun
1.4%
King Candy
4.8%
If you start singing, I'm gonna throw up. Maui
59.2%
Peter Pan
2.5%
King John
6.9%
Mushu
24.2%
I'm a big tough girl. I tie my own sandals and everything. Megara
58.3%
Esmeralda
10.3%
Mulan
14.3%
Jasmine
9.7%
Look, there’s a great big hunk of world down there, with no fence around it. Tramp
54.7%
Thumper
8.2%
Jiminy Cricket
10.8%
Hugo
18.4%
Now I call upon my Army of the Dead; the Cauldron-Born. Arise, my messengers of death! Our time has arrived! The Horned King
54.5%
Maleficent
25.3%
Scar
4.5%
Jafar
7.9%
Life isn't some cartoon musical where you sing a little song and all your insipid dreams magically come true. So let it go. Chief Bogo
48.3%
Pocahontas
2.7%
John Smith
7.3%
Elsa
34.2%
Now, remember, Pinocchio: be a good boy. And always let your conscience be your guide. The Blue Fairy
40.3%
Jiminy Cricket
46.5%
Stromboli
5.8%
Fauna
0.7%
Remove Ads.
Support Sporcle.
Get the best of Sporcle when you Go Orange. This ad-free experience offers more features, more stats, and more fun while also helping to support Sporcle. Thank you for becoming a member.

You're not logged in!

Compare scores with friends on all Sporcle quizzes.
OR
Log In

Show Comments

Extras

Top Quizzes Today


Score Distribution

Your Account Isn't Verified!

In order to create a playlist on Sporcle, you need to verify the email address you used during registration. Go to your Sporcle Settings to finish the process.

Report this User

Report this user for behavior that violates our Community Guidelines.

Details: